00967 a2200193 45000010006000000050017000060080041000230030015000640400040000790800022001192450034001412640033001753000019002085050466002270410008006931000023007017000020007247000029007442552020260407155539.0260407a1971 arg spa dAR-UNSa-BCEJYS aAR-UNSa-BCEJYSbspacAR-UNSa-BCEJYS a657xContabilidad10aContabilidad para la gerencia 1aBuenos Aires :bProlamc1971 a308 p.c23 cm. a1. Medio - 2. La transacción : Su origen y ordenamiento - 3. La pauta contable - 4. Ajustes - 5. El mayor general - 6. Depreciación y bienes de uso - 7. Balance general - 8. Participación de los accionistas - 9. El estado de resultados - 10. Estados consolidados - 11. Costos y su control - 12. Contabilidad y dirección - 13. Contabilidad presupuestaria - 14. Estado de flujo - 15. Función de la auditoría - 16. Los estados financieros : resultados. aspa1 aNardelli, Jorge R.1 aKohler, Eric L.1 aManzanal, Mercedes P. de